| Tag |
First Indicator |
Second Indicator |
Subfields |
| LEADER |
00000pam a2200000 a 4500 |
| 001 |
in00000632525 |
| 005 |
20170731124005.0 |
| 008 |
800213s1980 ilu b 00110 engm |
| 010 |
|
|
|a 80011201
|
| 020 |
|
|
|a 0226071502
|
| 035 |
|
|
|a (OCoLC)06092168
|
| 035 |
|
|
|9 ACU2441AM
|
| 040 |
|
|
|a DLC
|e rda
|c DLC
|d TXA
|
| 041 |
1 |
|
|a eng
|a fre
|
| 050 |
0 |
0 |
|a D7
|b .B7513
|
| 082 |
0 |
|
|a 901
|
| 100 |
1 |
|
|a Braudel, Fernand.
|
| 240 |
1 |
0 |
|a Écrits sur l'histoire.
|l English
|
| 245 |
1 |
0 |
|a On history /
|c Fernand Braudel ; translated by Sarah Matthews.
|
| 264 |
|
1 |
|a Chicago :
|b University of Chicago Press,
|c 1980.
|
| 300 |
|
|
|a ix, 226 pages ;
|c 24 cm.
|
| 336 |
|
|
|a text
|b txt
|2 rdacontent
|
| 337 |
|
|
|a unmediated
|b n
|2 rdamedia
|
| 338 |
|
|
|a volume
|b nc
|2 rdacarrier
|
| 546 |
|
|
|a Translation of: Ecrits sur l'histoire.
|
| 504 |
|
|
|a Includes bibliographical references and index.
|
| 650 |
|
0 |
|a History.
|
| 999 |
f |
f |
|s 73e70e8e-4bdb-3078-83d5-7e8a33276911
|i 4b872595-3458-3a57-80be-56296dde3e28
|t 0
|
| 952 |
f |
f |
|p normal
|a Texas A&M University
|b College Station
|c Sterling C. Evans Library
|d Evans: Library Stacks
|t 0
|e D7 .B7513
|h Library of Congress classification
|i unmediated -- volume
|m A14801863775
|
| 952 |
f |
f |
|p normal
|a Texas A&M University
|b College Station
|c Sterling C. Evans Library
|d Evans: Library Stacks
|t 0
|e D7 .B7513
|h Library of Congress classification
|i unmediated -- volume
|m A14850207755
|
| 998 |
f |
f |
|a D7 .B7513
|t 0
|l Evans: Library Stacks
|
| 998 |
f |
f |
|a D7 .B7513
|t 0
|l Evans: Library Stacks
|